• 首页
  • 本馆介绍
  • 公告通知
  • 最新文献
  • 馆藏检索
  • 电子资源
  • 读者导购
  • 参考咨询
  • 我的图书馆
  • 登录
  • 详细信息显示
  • 放入我的书架
  • 预约/预借图书
  • 作者相关作品
  • 分类相关作品
  • 丛书相关作品
  • 出版社相关作品

书目信息

  • 表格格式
  • 工作单格式
  • 卡片格式
题名:
文化经营管理论
    
 
作者: 程云瑞 著
分册:  
出版信息: 石家庄   花山文艺出版社  1993.9
页数: 226页
开本: 20cm
丛书名:
单 册:
中图分类: G0-05 , G240
科图分类:
主题词: 文化--经济管理--研究 , 文化 , 经济管理 , 群众文化--文化事业
电子资源:
ISBN: 7-80505-461-4
000 00833nam0 2200277 450
001 1571699276
005 20150128195554.53
010    @a7-80505-461-4@dCNY6.00
100    @a19940221d1993 em y0chiy0110 ea
101 0  @achi
102    @aCN@b130000
105    @af z 000yy
200 1  @a文化经营管理论@9wen hua jing ying guan li lun@f程云瑞著
210    @a石家庄@c花山文艺出版社@d1993.9
215    @a226页@c照片@d20cm
314    @a程云瑞,青年学者
330    @a本书从文化领导、经营理论、表演艺术、群众文化、文化市场等多视角进行了阐述,为文化经营管理提供了理论依据。
606 0  @a文化@x经济管理@x研究
606 0  @a文化
606 0  @a经济管理
606 0  @a群众文化@x文化事业
690    @aG0-05@v三版
690    @aG240@v4
701  0 @a程云瑞@9cheng yun rui@4著
801  0 @aCN@bTSSF@c20150128
905    @aZUCC@dG240@eJY23
    
    文化经营管理论/程云瑞著.-石家庄:花山文艺出版社,1993.9
    226页:照片;20cm
    
    
    ISBN 7-80505-461-4:CNY6.00
    本书从文化领导、经营理论、表演艺术、群众文化、文化市场等多视角进行了阐述,为文化经营管理提供了理论依据。
●
相关链接 在E读中查询图书 在五车中查询图书 在当当中查询图书 在豆瓣中查询图书


正题名:文化经营管理论     索取号:G240/JY23         预约/预借

序号 登录号 条形码 馆藏地/架位号 状态 备注
1 7838017   278380173   学院路分馆/ [索取号:G240/JY23] 在馆    
2 7838018   278380182   学院路分馆/ [索取号:G240/JY23] 在馆    
唐山师范学院图书馆 欢迎您!
大连网信软件有限公司© 版权所有